[Event "Saint Affrique op 22nd"]
[Site "Saint Affrique"]
[Date "2014.07.24"]
[Round "7.70"]
[White "Raynal, Hortense"]
[Black "Raynal, Judith"]
[Result "1-0"]
[WhiteElo "1050"]
[BlackElo "1009"]
[PlyCount "23"]
[EventDate "2014.07.19"]
[EventType "swiss"]
[EventRounds "9"]
[EventCountry "FRA"]
[SourceTitle "CBM 161 Extra"]
[Source "ChessBase"]
[SourceDate "2014.08.29"]
[SourceVersion "1"]
[SourceVersionDate "2014.08.29"]
[SourceQuality "1"]

1. d4 d5 2. Nf3 Na6 3. Bf4 Nf6 4. e3 e5 5. dxe5 Ne4 6. Bb5+ Qd7 7. Bxd7+ Bxd7 8. 0-0 Be7 9. Qxd5 0-0 10. Qxd7 Rac8 11. e6 fxe6 12. Qxe6+ 1-0

[Event "Saint Affrique op 22nd"]
[Site "Saint Affrique"]
[Date "2014.07.20"]
[Round "2"]
[White "Raynal, Hortense"]
[Black "Petit, Jimmy"]
[Result "0-1"]
[WhiteElo "1050"]
[BlackElo "1459"]
[PlyCount "30"]
[EventDate "2014.07.19"]
[EventType "swiss"]
[EventRounds "9"]
[EventCountry "FRA"]
[SourceTitle "CBM 161 Extra"]
[Source "ChessBase"]
[SourceDate "2014.08.29"]
[SourceVersion "1"]
[SourceVersionDate "2014.08.29"]
[SourceQuality "1"]

1. e4 e6 2. Nf3 d5 3. e5 c5 4. Nc3 Nc6 5. Bb5 Bd7 6. 0-0 a6 7. Bd3 Qc7 8. Ng5 h6 9. Nh7 Be7 10. Na4 c4 11. Nc5 Bxc5 12. Be2 Rxh7 13. d3 Qxe5 14. dxc4 Bd6 15. Bd3 Qxh2# 0-1